000 01031nam a22002297a 4500
003 AR-RoUNCS
005 20260212121421.0
008 240726s2001 ag ||||| |||| 00| 0 spa d
020 _a950-511-671-3
040 _cAR-RoUNCS
_aAR-RoUNCS
080 _082-311.6(469)
100 1 _aSaramago, José,
_d1922-2010
_eautor
245 1 0 _aMemorial del convento /
_cJosé Saramago.
250 _a1a ed.
260 _aBuenos Aires :
_bAlfaguara,
_c2001.
300 _a467 p. ;
_c21 cm.
490 0 _aBiblioteca José Saramago.
520 3 _aMemorial del convento (1982) de José Saramago es una novela histórica ambientada en el Portugal del siglo XVIII bajo la Inquisición. Narra la monumental construcción del convento de Mafra, impulsada por el rey João V, entrelazando el destino del soldado manco Baltasar Sietesoles, la vidente Blimunda Sietelunas y el padre Bartolomeu, creador de una máquina voladora (la passarola).
650 7 _2embne
_aLiteratura portuguesa
655 7 _2embne
_aNovelas históricas
942 _2udc
_cOG
_n0
999 _c273
_d273